00419nam a2200145Ia 4500008004100000020001500041041001200056082001100068100001400079245011400093260002500207300000800232650001600240700001700256221030s9999 xx 000 0 und d a8120304093 aEnglish a105.23 aY. C. Liu 0aMicrocomputer Systems : The 8086 / 8088 Family Architecture, Programming & Designcby Y. C. Liu, G. A. Gibson bPHIaNew Delhic2010 a623 aBE Computer aG. A. Gibson